000 00824nam a2200265 i 4500
001 bg
100 1 _aSZCZUPACZYŃSKI, Jerzy
245 0 0 _aAnatomia zarządzania organizacją /
_cJerzy Szczupaczyński.
250 _aWyd.2.
260 _aWarszawa :
_bMiędzynarodowa Szkoła Menedżerów,
_c2002.
300 _a269, [1] s. :
_brys., wykr. ;
_c24 cm.
490 1 _aBiblioteka Menedżera
650 9 _aZarządzanie
_xmetody
650 9 _aOrganizacja
_xmetody
655 _aPodręczniki
830 _aBiblioteka Menedżera
020 _a8386891254
040 _cBPK
041 0 _apl
080 _a65.012/.014(07)
920 _a83-86891-25-4
942 _cKS
008 s pl f |000 0 pol
999 _c41812
_d41812
856 _uhttp://koha.tu.koszalin.pl/cgi-bin/koha/opac-detail.pl?biblionumber=41812
_yKatalog online BPK